Statistics for Speedway World Cup Top 3 Positions

Click here to take the quiz!

General Stats

  • This quiz has been taken 192 times
    (187 since last reset)
  • The average score is 6 of 6

Answer Stats

# in Top 3# WinsWinner% Correct
128Poland
97%
124Denmark
94%
133Sweden
94%
20Russia
93%
30Great Britain
91%
92Australia
86%

Score Distribution

Percentile by Number Answered

Percent of People with Each Score

Your Score History

You have not taken this quiz since the last reset